000 01094nam0a2200289 4500
001 RU\NLR\bibl\839733
005 20250614144641.0
010 _a5-88103-157-1
_93000
021 _aRU
_b2005-48492
_92363
035 _a(NLR Aleph) 000828560
090 _a1346167
_c1346167
100 _a20050913d2005 |||y0rusy50 ca
101 0 _arus
102 _aRU
105 _ay |||||||||
200 1 _aТипичные бухгалтерские ошибки
_fА.А. Ефремова
210 _aМосква
_cИД ФБК-Пресс
_d2005
215 _a263 с.
_d21
225 1 _aБиблиотека журнала "Финансовые и бухгалтерские консультации"
_vВып. 2 (35)
606 1 _aБухгалтерский учет
_xОшибки
_xИсправление
_yРоссийская Федерация
_92097000
_3RU\NLR\auth\661268689
686 _aУ052.9(2)2
700 1 _aЕфремова
_bА. А.
_gАнна Алексеевна
_4070
801 0 _aRU
_bNLR
_c20050913
_grcr
801 1 _aRU
_bNLR
_c20050913
942 _cBOOK
980 _aNB